Las 10 provincias españolas con menor densidad de población - Estadísticas

Estadísticas generales
  • Esta prueba ha sido intentada 2.327 veces
  • La puntuación promedio es 8 de 10
Estadísticas de respuestas
Densidad Provincia % Correcto
8,69 Soria
88%
9,12 Teruel
87%
19,60 Palencia
85%
14,51 Huesca
84%
19,54 Cáceres
82%
11,58 Cuenca
80%
15,81 Zamora
80%
19,85 Ávila
78%
22,44 Segovia
77%
22,52 Guadalajara
75%
No se encontraron pruebas coincidentes
Distribución de puntuación
Porcentaje de gente con cada puntuación
Porcentaje por número respondido
Historial de tus puntuaciones
No has intentado esta prueba.